Differentially Flat Systems /

Guardado en:
Detalles Bibliográficos
Autor principal: Ramírez-Sira Hebertt (Autor)
Otros Autores: Agrawal K. Sunil
Formato: Libro
Lenguaje:inglés
Publicado: New York Marcel Dekker 2004
Edición:1. vyd.
Etiquetas: Agregar Etiqueta
Sin Etiquetas, Sea el primero en etiquetar este registro!

MARC

LEADER 00000nam a22000003a 4500
001 0020980
003 SK-STU
005 20170116104645.8
007 ta
008 170116s ----xo-----e------000-0-----d
020 |a 0-8247-5470-0 
040 |a STU  |b slo 
041 0 |a eng 
100 1 |a Ramírez-Sira Hebertt  |4 aut 
245 1 0 |a Differentially Flat Systems /  |c aut. Ramírez-Sira Hebertt, Agrawal K. Sunil 
250 |a 1. vyd. 
260 |a New York  |b Marcel Dekker  |c 2004 
300 |a 467 s. 
700 1 |a Agrawal K. Sunil 
996 |b 284J044866  |c J* 118081  |l JJSK  |s A  |a 24  |w 0020980_0001